01796cam a2200481 a 45000010005000000030006000050050017000110080041000280100017000690200030000860200027001160200018001430200015001610350024001760400062002000420014002620500023002760820014002991000022003132450162003352500048004972600040005453000058005854900027006435000038006705040051007085050007007595200169007665210019009355210019009546000068009736500024010416500022010656500020010876500033011076500031011406500029011716500024012006500022012246500019012466500013012657000036012783986FISKH20250827145608.0110613t20112010nyua j b 001 1 eng d a 2011282484 a9781442420113 (lib. bdg.) a1442420111 (lib. bdg.) a9781442416758 a1442416750 a(OCoLC)ocn606790022 aBTCTAcBTCTAdNYPdBULdSPUdB2AdNABdABGdAMLdDLCbeng alccopycat00aPZ7.S6953bOl 201104a813.62221 aSollinger, Emily.10aOlivia plants a garden /cadapted by Emily Sollinger ; based on the screenplay written by Rachel Ruderman and Laurie Israel ; illustrated by Jared Osterhold. aFirst Simon Spotlight edition, January 2011 aNew York :bSimon Spotlight,c2010. a24 unnumbered pages : bcolor illustrations ; c23 cm0 aReady-to-read. Level 1 a"As seen on Nickelodeon"--Jacket. aIncludes bibliographical references and index. aK  aWhen Olivia's teacher gives Olivia a "surprise" plant seed envelope, she takes care of the seed in her garden, excited to discover what kind of plant she will grow.8 a510 bLexile 8 aK bRaz-Plus 00aOliviac(Fictitious character from Falconer)vJuvenile fiction. 0aGardeningvFiction. 0aGardensvFiction. 0aSwinevFiction. 0aGardeningvJuvenile fiction. 0aGardensvJuvenile fiction. 0aSwinevJuvenile fiction. 1aGardeningvFiction. 1aGardensvFiction. 1aPigsvFiction. 1aRebuses.1 aOsterhold, Jared.4illustrator